000 00467nam a2200181Ia 4500
005 20250603145758.0
008 250603s9999 xx 000 0 und d
020 _a9789382291084
050 _aTA 654 .T46/
100 _aThorby, Douglas
245 0 _aStructural dynamics and vibration in practice: an engineering handbook
260 _aUnited Kingdom
260 _bElsevier
260 _c2012
300 _a401 p
650 _aUnited Kingdom
942 _cBK
999 _c42830
_d42830